Estadísticas para Preguntas de Futbol Nivel: facil

Haz click aquí para intentar la prueba.

Estadísticas generales

  • Esta prueba ha sido intentada 122 veces
  • La puntuación promedio es 13 de 15

Estadísticas de respuestas

PreguntaRespuesta% Correcto
¿Quién de estos jugadores nunca ganó el Mundial?Harry Kane
96%
¿Quién de estos jugadores juega de mediocampista?Kevin de Bruyne
95%
¿Qué equipo gano la Champions League en 2023?Manchester City
95%
¿De que país es Zlatan Ibrahimovic?Suecia
95%
¿Qué selección gano el mundial Rusia 2018?Francia
94%
¿Qué equipo NO es de inglaterra?Newells Old Boys
94%
¿En que equipo debutó Neymar Jr?Santos
94%
¿A que se le llama cuando un equipo gana 3 titulos en un mismo año?Triplete
93%
¿En qué posición juega Sergio Busquets?Mediocampista
89%
¿En cuál de estos equipos NO jugó Luis Suarez?Valencia
88%
¿Qué jugador es el que tiene más goles en mundiales?Miroslav Klose
76%
¿Cuál de estas selecciones nunca participo en un mundial?Venezuela
74%
¿Qué jugador gano el Balon de Oro en 2007'Ricardo Kaká
73%
¿Cuál es el jugador con más goles de la historia?Cristiano Ronaldo
72%
¿Cuantás Selecciónes tienen 3 o más mundiales?4
64%

Distribución de puntuación

Porcentaje por número respondido

Porcentaje de gente con cada puntuación

Historial de tus puntuaciones

No has intentado esta prueba.